| 000 | 01015nam a2200241 a 4500 | ||
|---|---|---|---|
| 001 | 000035657 | ||
| 005 | 20211111120945.0 | ||
| 008 | 111107s2011 dr ac 000 0cspa d | ||
| 020 | _a9789945164039 | ||
| 040 |
_aDO-SdBNP _bspa _cBNPHU |
||
| 082 |
_a923.7729384 _bR696a |
||
| 100 | 1 |
_aRodríguez Cedeño, Dávila _d1934- _961579 |
|
| 245 | 1 | 0 |
_aAntología histórica de maestros y maestras de la Romana : _botros grandes maestros / _cDávila Rodríguez Cedeño. |
| 260 |
_aSanto Domingo : _bEditora Búho, _c2011. |
||
| 300 |
_a293 p. : _bil., retrs. ; _c23 cm. |
||
| 504 | _aBibliografía : p. 293 | ||
| 650 | 4 |
_aMaestros _zLa Romana (República Dominicana{Rpara} _vBIOGRAFÍAS _961580 |
|
| 650 | 4 |
_aEducación _zLa Romana (República Dominicana{Rpara} _xHistoria _961581 |
|
| 650 | 4 |
_aPersonal docente _zLa Romana (República Dominicana{Rpara} _961582 |
|
| 651 | 0 |
_aLa Romana (República Dominicana) _945329 |
|
| 650 | 4 |
_aCiudades y pueblos _zRepública Dominicana _9784 |
|
| 910 | _aValidado. Control de calidad BNPHU | ||
| 999 |
_c35148 _d35148 |
||